000 01393 a2200253 4500
001 1971
005 20260407155422.0
008 260407a2002 arg spa d
003 AR-UNSa-BCEJYS
040 _aAR-UNSa-BCEJYS
_bspa
_cAR-UNSa-BCEJYS
080 _a001.8
_xMetodología. Estudio general del método. Procedimientos científicos y técnicos para el estudio, La investigación y la discusión
245 1 0 _aIntroducción a la metodología de la investigación aplicada al saber administrativo
020 _a978-987-1076-09-3
264 1 _aBuenos Aires :
_bEdiciones Cooperativas
_c2002
300 _a176 p.
_c20 cm.
505 _a1. ¿Qué significa investigar? - 2. ¿Cómo elaborar el marco teórico? - 3. ¿Qué diseño de investigación es más adecuado para el proyecto que pienso llevar a cabo? - 4. ¿De quiénes predicar? ¿Cuál es el proceso de construcción de nuestras unidades de análisis? - 5. ¿Cómo se recolectan los datos? - 6. ¿Cómo pasar de los hechos a la reflexión sobre los mismos? - 7. ¿Cómo exponer los hallazgos?
041 _aspa
942 _cBK
590 _aniveau_biblio:m niveau_hierar:0
100 1 _aFassio, Adriana
700 1 _aPascual, Liliana
700 1 _aSuárez, Francisco M.
856 4 1 _uhttps://biblioeco.unsa.edu.ar/pmb/images/libros/Introduccion a la metodologia de la investigacion2-l118271.jpg
_yImagen de portada
_qimage/jpeg
999 _c240
_d240